Jeu pokémon par ordre de sortie - Statistiques

Statistiques générales
  • Ce quiz a été pris 20 fois
  • Le résultat moyen est 12 sur 23
Statistiques - réponses
Hint Réponse % Correct
Monde/même génération jaune
77%
Monde Or et argent
69%
hors japon rouge et bleu
69%
Team galaxie Diamant et Perle
62%
Suite du précédent Noir 2 et Blanc 2
62%
5ème génération Noir et Blanc
62%
Japon only rouge et vert
62%
Monde (2 perso jouables) cristal
54%
Monde (2 teams) Émeraude
54%
Monde (team diffère selon le jeu) rubis et saphir
54%
On pensait que le suivant serait Z X et Y
54%
Premier pokémon avec un DLC épée et bouclier
46%
On commence avec pikachu et évoli let's go pikachu et let's go évoli
46%
Autre jeu à Sinnoh Platine
46%
troisième génération à Kanto rouge feu et vert feuille
46%
Remake du 6ème rubis omega et saphir alpha
46%
premier jeu sans arène Soleil et Lune
46%
Jeu alternatif du précédent Ultra soleil et Ultra lune
46%
Remake de la génération Palkia/Dialga Diamant étincelant et perle scintillante
38%
autre jeu à Johto Or heartgold et argent Soulsilver
38%
Parle d'harcélement écarlate et violet
31%
Premier "monde ouvert" pokémon Légende Arceus
31%
Prochain jeu Légende ZA
31%
Aucun quiz correspondant
Distribution des résultats
% des personnes avec chaque résultat
Percentile par nombre de réponses
Votre historique - résultats
Vous n’avez pas pris ce quiz